[Event "Deutsche Ländermeisterschaft 2017"]
[Site "Hannover GER"]
[Date "2017.10.04"]
[Round "7"]
[White "Ruff, Maximilian"]
[Black "Richter, Leonard"]
[Result "0-1"]
[Termination "normal"]
[Board "1.1"]
[WhiteTitle "FM"]
[WhiteElo "2315"]
[BlackElo "2268"]
[WhiteClock "00:01:37"]
[BlackClock "00:02:37"]
[WhiteTeam "Baden 1"]
[BlackTeam "Sachsen"]
[PlyCount "80"]
[WhiteFideId "1271670"]
[BlackFideId "12900290"]
[EventCountry "GER"]
[EventRounds "7"]
[EventType "team-swiss"]
[EventDate "2017.09.29"]

1. d4 {[%clk 1:30:55]} Nf6 {[%clk 1:30:57]} 2. c4 {[%clk 1:31:18]} g6 {[%clk
1:31:23]} 3. Nc3 {[%clk 1:31:35]} Bg7 {[%clk 1:31:47]} 4. e4 {[%clk 1:31:54]}
d6 {[%clk 1:32:13]} 5. Nf3 {[%clk 1:31:37]} O-O {[%clk 1:32:27]} 6. h3 {[%clk
1:32:00]} e5 {[%clk 1:32:07]} 7. d5 {[%clk 1:32:14]} Nh5 {[%clk 1:32:24]} 8. g3
{[%clk 1:31:29]} Qe8 {[%clk 1:28:58]} 9. Be2 {[%clk 1:28:52]} f5 {[%clk
1:26:25]} 10. exf5 {[%clk 1:27:30]} gxf5 {[%clk 1:26:16]} 11. Nh4 {[%clk
1:26:33]} Nf6 {[%clk 1:25:39]} 12. g4 {[%clk 1:26:44]} f4 {[%clk 1:09:16]} 13.
g5 {[%clk 1:11:52]} Nfd7 {[%clk 1:02:15]} 14. Ne4 {[%clk 1:00:09]} Na6 {[%clk
0:48:43]} 15. Rg1 {[%clk 0:46:33]} Nac5 {[%clk 0:46:26]} 16. Bh5 {[%clk
0:44:39]} Qe7 {[%clk 0:44:46]} 17. f3 {[%clk 0:44:45]} Kh8 {[%clk 0:32:58]} 18.
Bg6 {[%clk 0:39:26]} Qd8 {[%clk 0:28:34]} 19. Bf5 {[%clk 0:36:23]} Bh6 {[%clk
0:24:30]} 20. Kf1 {[%clk 0:19:02]} Rg8 {[%clk 0:23:06]} 21. Be6 {[%clk
0:05:55]} Nxe4 {[%clk 0:11:43]} 22. Bxg8 {[%clk 0:04:14]} Ng3+ {[%clk 0:11:08]}
23. Rxg3 {[%clk 0:04:02]} fxg3 {[%clk 0:11:34]} 24. Be6 {[%clk 0:02:16]} Bxg5
{[%clk 0:11:52]} 25. Nf5 {[%clk 0:02:31]} Nc5 {[%clk 0:11:06]} 26. f4 Nxe6
{[%clk 0:06:11]} 27. fxg5 {[%clk 0:00:50]} Qf8 {[%clk 0:03:48]} 28. Qf3 {[%clk
0:01:02]} Ng7 {[%clk 0:03:40]} 29. Nh4 {[%clk 0:01:16]} Bxh3+ {[%clk 0:04:04]}
30. Ke2 {[%clk 0:01:02]} Qxf3+ {[%clk 0:02:49]} 31. Kxf3 {[%clk 0:01:04]} Nh5
{[%clk 0:03:01]} 32. Be3 {[%clk 0:01:00]} Rf8+ {[%clk 0:03:19]} 33. Ke4 {[%clk
0:01:02]} Bf1 {[%clk 0:02:49]} 34. b3 {[%clk 0:00:45]} g2 {[%clk 0:02:57]} 35.
Nf5 {[%clk 0:00:38]} g1=Q {[%clk 0:02:19]} 36. Bxg1 {[%clk 0:01:06]} Bg2+
{[%clk 0:02:41]} 37. Kd3 {[%clk 0:00:57]} Rxf5 {[%clk 0:03:02]} 38. Be3 {[%clk
0:01:22]} Nf4+ {[%clk 0:03:15]} 39. Kc3 {[%clk 0:01:17]} Rxg5 {[%clk 0:03:35]}
40. Re1 {[%clk 0:01:37]} h5 {[%clk 0:02:37]} 0-1

[Event "Deutsche Ländermeisterschaft 2017"]
[Site "Hannover GER"]
[Date "2017.10.04"]
[Round "7"]
[White "Urban, Konstantin"]
[Black "Heinemann, Josefine"]
[Result "1/2-1/2"]
[Termination "normal"]
[Board "1.2"]
[BlackTitle "WIM"]
[WhiteElo "2303"]
[BlackElo "2292"]
[WhiteClock "00:06:00"]
[BlackClock "01:08:20"]
[WhiteTeam "Sachsen"]
[BlackTeam "Baden 1"]
[PlyCount "155"]
[WhiteFideId "12927511"]
[BlackFideId "12900460"]
[EventCountry "GER"]
[EventRounds "7"]
[EventType "team-swiss"]
[EventDate "2017.09.29"]

1. e4 {[%clk 1:30:56]} e5 {[%clk 1:30:56]} 2. Nf3 {[%clk 1:31:18]} Nc6 {[%clk
1:31:22]} 3. Bb5 {[%clk 1:31:38]} a6 {[%clk 1:31:48]} 4. Ba4 {[%clk 1:31:57]}
Nf6 {[%clk 1:32:14]} 5. O-O {[%clk 1:32:06]} Nxe4 {[%clk 1:32:18]} 6. d4 {[%clk
1:32:18]} b5 {[%clk 1:32:44]} 7. Bb3 {[%clk 1:32:41]} d5 {[%clk 1:33:11]} 8.
dxe5 {[%clk 1:32:52]} Be6 {[%clk 1:33:38]} 9. Nbd2 {[%clk 1:33:00]} Nc5 {[%clk
1:34:02]} 10. c3 {[%clk 1:33:16]} Be7 {[%clk 1:34:20]} 11. Bc2 {[%clk 1:33:22]}
d4 {[%clk 1:34:29]} 12. Nb3 {[%clk 1:32:55]} d3 {[%clk 1:34:32]} 13. Bb1 {[%clk
1:32:19]} Nxb3 {[%clk 1:34:56]} 14. axb3 {[%clk 1:32:43]} Bf5 {[%clk 1:35:19]}
15. Re1 {[%clk 1:32:34]} O-O {[%clk 1:34:34]} 16. b4 {[%clk 1:27:18]} a5 {[%clk
1:27:53]} 17. bxa5 {[%clk 1:25:27]} Rxa5 {[%clk 1:26:41]} 18. Rxa5 {[%clk
1:24:02]} Nxa5 {[%clk 1:27:08]} 19. Nd4 {[%clk 1:08:22]} Bg6 {[%clk 1:24:35]}
20. Bxd3 {[%clk 0:58:18]} Bxd3 {[%clk 1:20:57]} 21. Qxd3 {[%clk 0:58:24]} c5
{[%clk 1:21:13]} 22. Qxb5 {[%clk 0:38:16]} cxd4 {[%clk 1:20:21]} 23. Bd2 {[%clk
0:38:33]} Qb8 {[%clk 1:04:01]} 24. Qxa5 {[%clk 0:36:56]} Qxb2 {[%clk 1:04:25]}
25. cxd4 {[%clk 0:36:08]} Qxd4 {[%clk 1:04:47]} 26. Qc3 {[%clk 0:24:02]} Bc5
{[%clk 0:56:34]} 27. Qxd4 {[%clk 0:24:08]} Bxd4 {[%clk 0:56:36]} 28. Kf1 {[%clk
0:19:05]} Re8 {[%clk 0:54:23]} 29. f4 {[%clk 0:18:44]} f6 {[%clk 0:49:51]} 30.
e6 {[%clk 0:12:17]} f5 {[%clk 0:50:17]} 31. Bb4 {[%clk 0:12:17]} Bf6 {[%clk
0:48:45]} 32. g3 {[%clk 0:10:43]} g6 {[%clk 0:48:26]} 33. Re3 {[%clk 0:08:56]}
Kg7 {[%clk 0:47:56]} 34. Kg2 {[%clk 0:07:49]} Be7 {[%clk 0:45:11]} 35. Ba5
{[%clk 0:06:11]} Bd8 {[%clk 0:43:58]} 36. Bc3+ {[%clk 0:06:21]} Bf6 {[%clk
0:44:24]} 37. Bb4 {[%clk 0:06:42]} Be7 {[%clk 0:44:50]} 38. Bd2 {[%clk
0:05:44]} Bf6 {[%clk 0:44:56]} 39. Kf3 {[%clk 0:05:53]} Ba1 {[%clk 0:40:31]}
40. Ra3 {[%clk 0:05:34]} Bd4 {[%clk 0:40:52]} 41. Ra4 {[%clk 0:01:40]} Bb2
{[%clk 0:39:45]} 42. Rb4 {[%clk 0:01:56]} Ba1 {[%clk 0:40:05]} 43. Rb7+ {[%clk
0:27:25]} Kf6 {[%clk 1:08:58]} 44. Rxh7 {[%clk 0:26:37]} Kxe6 {[%clk 1:09:01]}
45. Ra7 {[%clk 0:22:34]} Bd4 {[%clk 1:08:15]} 46. Ra6+ {[%clk 0:22:58]} Kf7
{[%clk 1:08:33]} 47. Rd6 {[%clk 0:21:05]} Bf6 {[%clk 1:07:13]} 48. Rd7+ {[%clk
0:14:26]} Re7 {[%clk 1:06:55]} 49. Rd3 {[%clk 0:14:38]} Re8 {[%clk 1:07:12]}
50. Be3 {[%clk 0:14:43]} Rd8 {[%clk 1:06:48]} 51. Rb3 {[%clk 0:14:54]} Bd4
{[%clk 1:05:41]} 52. Bxd4 {[%clk 0:14:56]} Rxd4 {[%clk 1:06:07]} 53. h3 {[%clk
0:14:55]} Rd7 {[%clk 1:05:47]} 54. g4 {[%clk 0:15:10]} fxg4+ {[%clk 1:06:13]}
55. hxg4 {[%clk 0:15:37]} Ra7 {[%clk 1:06:30]} 56. Kg3 {[%clk 0:15:29]} Ra4
{[%clk 1:06:05]} 57. Rb7+ {[%clk 0:15:40]} Kf8 {[%clk 1:06:17]} 58. Kf3 {[%clk
0:14:47]} Rc4 {[%clk 1:06:37]} 59. Rd7 {[%clk 0:14:24]} Ra4 {[%clk 1:06:56]}
60. Rd5 {[%clk 0:13:49]} Kf7 {[%clk 1:07:11]} 61. Rd7+ {[%clk 0:11:43]} Kf8
{[%clk 1:07:34]} 62. g5 {[%clk 0:10:59]} Rb4 {[%clk 1:07:46]} 63. Ke3 {[%clk
0:11:21]} Ra4 {[%clk 1:07:54]} 64. Rd4 {[%clk 0:11:25]} Ra7 {[%clk 1:08:20]}
65. Rc4 {[%clk 0:09:59]} Kf7 {[%clk 1:08:28]} 66. Ke4 {[%clk 0:09:05]} Rb7
{[%clk 1:08:11]} 67. Kd5 {[%clk 0:07:36]} Ra7 {[%clk 1:08:05]} 68. Kd6 {[%clk
0:05:31]} Ra6+ {[%clk 1:08:18]} 69. Ke5 {[%clk 0:05:38]} Ra5+ {[%clk 1:08:42]}
70. Ke4 {[%clk 0:06:01]} Ra7 {[%clk 1:09:08]} 71. Rd4 {[%clk 0:05:26]} Rb7
{[%clk 1:09:01]} 72. Rd6 {[%clk 0:05:41]} Rb4+ {[%clk 1:06:36]} 73. Ke5 {[%clk
0:06:00]} Rb5+ {[%clk 1:07:00]} 74. Rd5 {[%clk 0:06:16]} Rb7 {[%clk 1:07:26]}
75. Kd6 {[%clk 0:06:13]} Rb4 {[%clk 1:07:35]} 76. Ke5 {[%clk 0:06:34]} Rb7
{[%clk 1:08:03]} 77. Rd4 {[%clk 0:06:47]} Ra7 {[%clk 1:08:20]} 78. Rd5 {[%clk
0:06:00]} 1/2-1/2

[Event "Deutsche Ländermeisterschaft 2017"]
[Site "Hannover GER"]
[Date "2017.10.04"]
[Round "7"]
[White "Gschnitzer, Adrian"]
[Black "Zienert, Richard"]
[Result "1-0"]
[Termination "normal"]
[Board "1.3"]
[WhiteElo "2351"]
[BlackElo "2293"]
[WhiteClock "00:09:22"]
[BlackClock "00:22:50"]
[WhiteTeam "Baden 1"]
[BlackTeam "Sachsen"]
[PlyCount "65"]
[WhiteFideId "1270337"]
[BlackFideId "12945986"]
[EventCountry "GER"]
[EventRounds "7"]
[EventType "team-swiss"]
[EventDate "2017.09.29"]

1. e4 {[%clk 1:30:58]} Nf6 {[%clk 1:30:31]} 2. e5 {[%clk 1:31:19]} Nd5 {[%clk
1:30:56]} 3. d4 {[%clk 1:31:42]} d6 {[%clk 1:31:21]} 4. c4 {[%clk 1:32:05]} Nb6
{[%clk 1:31:47]} 5. exd6 {[%clk 1:32:27]} exd6 {[%clk 1:31:35]} 6. Bd3 {[%clk
1:32:19]} Nc6 {[%clk 1:31:14]} 7. Be3 {[%clk 1:31:10]} Be7 {[%clk 1:31:21]} 8.
Nc3 {[%clk 1:29:52]} Bf6 {[%clk 1:30:21]} 9. Nge2 {[%clk 1:27:28]} O-O {[%clk
1:30:20]} 10. b3 {[%clk 1:26:14]} Bg4 {[%clk 1:28:59]} 11. O-O {[%clk 1:24:14]}
Re8 {[%clk 1:27:30]} 12. Qd2 {[%clk 1:22:34]} d5 {[%clk 1:26:44]} 13. c5 {[%clk
1:21:04]} Nc8 {[%clk 1:27:08]} 14. f3 {[%clk 1:10:10]} Bh5 {[%clk 1:24:48]} 15.
Rae1 {[%clk 1:09:12]} Bg6 {[%clk 1:24:30]} 16. Nf4 {[%clk 0:59:46]} Bxd3 {[%clk
1:24:45]} 17. Qxd3 {[%clk 1:00:05]} Rxe3 {[%clk 1:14:19]} 18. Rxe3 {[%clk
1:00:15]} Bxd4 {[%clk 1:14:43]} 19. Ncxd5 {[%clk 0:54:06]} Bxc5 {[%clk
1:07:21]} 20. Rd1 {[%clk 0:51:54]} N8e7 {[%clk 0:55:02]} 21. Qc3 {[%clk
0:40:50]} Bxe3+ {[%clk 0:53:40]} 22. Nxe3 {[%clk 0:41:05]} Qc8 {[%clk 0:41:56]}
23. Nh5 {[%clk 0:38:12]} f6 {[%clk 0:42:19]} 24. Ng4 {[%clk 0:37:40]} Qe6
{[%clk 0:40:44]} 25. Re1 {[%clk 0:33:26]} Qd6 {[%clk 0:40:50]} 26. Re4 {[%clk
0:24:15]} Rd8 {[%clk 0:33:10]} 27. Qc4+ {[%clk 0:21:25]} Kf8 {[%clk 0:32:06]}
28. Nf4 {[%clk 0:20:18]} Qd1+ {[%clk 0:30:45]} 29. Kf2 {[%clk 0:20:38]} Qd2+
{[%clk 0:29:26]} 30. Kg3 {[%clk 0:20:23]} Nd4 {[%clk 0:28:01]} 31. Qxc7 {[%clk
0:12:29]} Rd7 {[%clk 0:25:32]} 32. Qc4 {[%clk 0:09:41]} h5 {[%clk 0:22:50]} 33.
Ng6+ {[%clk 0:09:22]} 1-0

[Event "Deutsche Ländermeisterschaft 2017"]
[Site "Hannover GER"]
[Date "2017.10.04"]
[Round "7"]
[White "Nguyen, Alex Dac-Vuong"]
[Black "Färber, David"]
[Result "1/2-1/2"]
[Termination "normal"]
[Board "1.4"]
[WhiteElo "2131"]
[BlackElo "2247"]
[WhiteClock "00:21:35"]
[BlackClock "00:22:33"]
[WhiteTeam "Sachsen"]
[BlackTeam "Baden 1"]
[PlyCount "90"]
[WhiteFideId "12984388"]
[BlackFideId "12971294"]
[EventCountry "GER"]
[EventRounds "7"]
[EventType "team-swiss"]
[EventDate "2017.09.29"]

1. e4 {[%clk 1:30:56]} c6 {[%clk 1:30:40]} 2. d4 {[%clk 1:31:21]} d5 {[%clk
1:31:02]} 3. Nc3 {[%clk 1:31:45]} dxe4 {[%clk 1:31:24]} 4. Nxe4 {[%clk
1:32:10]} Bf5 {[%clk 1:31:36]} 5. Ng3 {[%clk 1:32:33]} Bg6 {[%clk 1:32:00]} 6.
h4 {[%clk 1:32:54]} h6 {[%clk 1:32:22]} 7. Nf3 {[%clk 1:33:18]} e6 {[%clk
1:32:36]} 8. h5 {[%clk 1:33:30]} Bh7 {[%clk 1:32:58]} 9. Bd3 {[%clk 1:33:55]}
Bxd3 {[%clk 1:32:47]} 10. Qxd3 {[%clk 1:34:20]} Nf6 {[%clk 1:33:02]} 11. Bd2
{[%clk 1:34:38]} Be7 {[%clk 1:31:57]} 12. O-O-O {[%clk 1:32:59]} O-O {[%clk
1:30:41]} 13. Kb1 {[%clk 1:30:49]} c5 {[%clk 1:27:03]} 14. Ne4 {[%clk 1:17:24]}
cxd4 {[%clk 1:11:03]} 15. Nxd4 {[%clk 0:58:33]} Nbd7 {[%clk 0:56:57]} 16. f3
{[%clk 0:42:32]} Nxe4 {[%clk 0:43:35]} 17. Qxe4 {[%clk 0:41:29]} Nf6 {[%clk
0:31:57]} 18. Qxb7 {[%clk 0:32:19]} Qxd4 {[%clk 0:30:11]} 19. Qxe7 {[%clk
0:32:41]} Rab8 {[%clk 0:29:33]} 20. Bc1 {[%clk 0:31:11]} Qc4 {[%clk 0:28:31]}
21. Qa3 {[%clk 0:24:37]} Nd5 {[%clk 0:26:30]} 22. Bd2 {[%clk 0:24:29]} Rfc8
{[%clk 0:23:15]} 23. Qd3 {[%clk 0:23:45]} Qa4 {[%clk 0:18:52]} 24. b3 {[%clk
0:20:55]} Rc6 {[%clk 0:16:51]} 25. Ka1 {[%clk 0:17:52]} Qa3 {[%clk 0:15:42]}
26. c4 {[%clk 0:11:53]} Nb4 {[%clk 0:11:51]} 27. Bxb4 {[%clk 0:12:14]} Qxb4
{[%clk 0:12:15]} 28. Rh4 {[%clk 0:09:48]} Ra6 {[%clk 0:09:48]} 29. Rd4 {[%clk
0:09:33]} f5 {[%clk 0:08:16]} 30. Kb1 {[%clk 0:07:23]} Qa3 {[%clk 0:06:53]} 31.
Rd8+ {[%clk 0:07:14]} Rxd8 {[%clk 0:06:41]} 32. Qxd8+ {[%clk 0:07:38]} Kh7
{[%clk 0:07:04]} 33. Rd2 {[%clk 0:08:01]} Qb4 {[%clk 0:06:29]} 34. Qd3 {[%clk
0:06:49]} Ra5 {[%clk 0:05:14]} 35. Re2 {[%clk 0:06:44]} Qe7 {[%clk 0:04:42]}
36. g4 {[%clk 0:06:26]} Qf6 {[%clk 0:04:11]} 37. b4 {[%clk 0:05:26]} Ra4 {[%clk
0:03:38]} 38. Qb3 {[%clk 0:05:46]} Ra6 {[%clk 0:03:46]} 39. Qc2 {[%clk
0:05:00]} Rb6 {[%clk 0:03:34]} 40. a3 {[%clk 0:04:42]} a5 {[%clk 0:03:18]} 41.
c5 {[%clk 0:00:39]} Rb8 {[%clk 0:02:08]} 42. Qc4 {[%clk 0:27:29]} axb4 {[%clk
0:31:22]} 43. axb4 {[%clk 0:27:14]} fxg4 {[%clk 0:30:03]} 44. fxg4 {[%clk
0:25:00]} Qf1+ {[%clk 0:28:21]} 45. Kb2 {[%clk 0:21:35]} Rxb4+ {[%clk 0:22:33]}
1/2-1/2

[Event "Deutsche Ländermeisterschaft 2017"]
[Site "Hannover GER"]
[Date "2017.10.04"]
[Round "7"]
[White "Trifan, Andrei Ioan"]
[Black "Lutz, Ruben"]
[Result "1/2-1/2"]
[Termination "normal"]
[Board "1.5"]
[WhiteElo "2197"]
[BlackElo "1914"]
[WhiteClock "00:09:55"]
[BlackClock "00:02:48"]
[WhiteTeam "Baden 1"]
[BlackTeam "Sachsen"]
[PlyCount "88"]
[WhiteFideId "12967068"]
[BlackFideId "12975974"]
[EventCountry "GER"]
[EventRounds "7"]
[EventType "team-swiss"]
[EventDate "2017.09.29"]

1. e4 {[%clk 1:30:34]} e6 {[%clk 1:30:51]} 2. d4 {[%clk 1:30:53]} d5 {[%clk
1:31:15]} 3. Nc3 {[%clk 1:31:11]} Nf6 {[%clk 1:31:38]} 4. e5 {[%clk 1:31:07]}
Nfd7 {[%clk 1:32:01]} 5. f4 {[%clk 1:31:05]} c5 {[%clk 1:32:19]} 6. Nf3 {[%clk
1:30:49]} Nc6 {[%clk 1:32:38]} 7. Be3 {[%clk 1:30:56]} Be7 {[%clk 1:32:43]} 8.
Qd2 {[%clk 1:29:51]} O-O {[%clk 1:31:46]} 9. dxc5 {[%clk 1:27:34]} Nxc5 {[%clk
1:32:01]} 10. a3 {[%clk 1:27:34]} a6 {[%clk 1:29:48]} 11. Qf2 {[%clk 1:27:12]}
b6 {[%clk 1:27:34]} 12. b4 {[%clk 1:27:05]} Nd7 {[%clk 1:27:50]} 13. Bd3 {[%clk
1:26:30]} Bb7 {[%clk 1:26:21]} 14. O-O {[%clk 1:22:44]} Rc8 15. Na4 {[%clk
1:11:53]} b5 {[%clk 1:19:16]} 16. Nb6 {[%clk 1:10:41]} Nxb6 {[%clk 1:18:02]}
17. Bxb6 {[%clk 1:09:39]} Qd7 {[%clk 1:17:39]} 18. Nd4 {[%clk 1:06:22]} Nxd4
{[%clk 1:04:05]} 19. Bxd4 {[%clk 1:05:34]} Qc6 {[%clk 1:03:00]} 20. Qe3 {[%clk
0:58:55]} Rcd8 {[%clk 0:58:32]} 21. Rf3 {[%clk 0:57:03]} f5 {[%clk 0:48:46]}
22. Rh3 {[%clk 0:49:51]} Bc8 {[%clk 0:45:50]} 23. Qe2 {[%clk 0:44:27]} g6
{[%clk 0:43:25]} 24. g4 {[%clk 0:39:31]} Rde8 {[%clk 0:37:59]} 25. g5 {[%clk
0:36:01]} Bd7 {[%clk 0:35:26]} 26. Rf3 {[%clk 0:29:31]} Ra8 {[%clk 0:33:43]}
27. h4 {[%clk 0:26:43]} Be8 {[%clk 0:32:42]} 28. Rff1 {[%clk 0:23:23]} a5
{[%clk 0:29:23]} 29. c3 {[%clk 0:22:04]} Bd8 {[%clk 0:21:23]} 30. Qf2 {[%clk
0:20:25]} Be7 {[%clk 0:21:24]} 31. Kg2 {[%clk 0:19:34]} Kg7 {[%clk 0:18:59]}
32. Rfc1 {[%clk 0:16:29]} Kg8 {[%clk 0:18:21]} 33. Kg3 {[%clk 0:15:37]} Kg7
{[%clk 0:15:37]} 34. Bb6 {[%clk 0:14:25]} a4 {[%clk 0:14:59]} 35. Bd4 {[%clk
0:14:22]} Rh8 {[%clk 0:08:43]} 36. Rh1 {[%clk 0:13:36]} h5 {[%clk 0:08:51]} 37.
Qe3 {[%clk 0:13:16]} Rf8 {[%clk 0:08:29]} 38. Kf2 {[%clk 0:13:08]} Bd7 {[%clk
0:07:56]} 39. Rac1 {[%clk 0:11:41]} Rac8 {[%clk 0:07:29]} 40. Be2 {[%clk
0:10:45]} Kh7 {[%clk 0:04:49]} 41. Qd2 {[%clk 0:11:07]} Be8 {[%clk 0:04:02]}
42. Rh3 {[%clk 0:10:23]} Qb7 {[%clk 0:02:44]} 43. Rhh1 {[%clk 0:09:48]} Qc6
{[%clk 0:02:54]} 44. Qd1 {[%clk 0:09:55]} Qb7 {[%clk 0:02:48]} 1/2-1/2

[Event "Deutsche Ländermeisterschaft 2017"]
[Site "Hannover GER"]
[Date "2017.10.04"]
[Round "7"]
[White "Simon, Tessa"]
[Black "Ziegenfuß, Antonia"]
[Result "1-0"]
[Termination "normal"]
[Board "1.6"]
[WhiteElo "1917"]
[BlackElo "1956"]
[WhiteClock "00:27:46"]
[BlackClock "00:00:42"]
[WhiteTeam "Sachsen"]
[BlackTeam "Baden 1"]
[PlyCount "47"]
[WhiteFideId "12929395"]
[BlackFideId "12962554"]
[EventCountry "GER"]
[EventRounds "7"]
[EventType "team-swiss"]
[EventDate "2017.09.29"]

1. e4 {[%clk 1:30:59]} c5 {[%clk 1:30:54]} 2. Nf3 {[%clk 1:31:21]} e6 {[%clk
1:31:20]} 3. d4 {[%clk 1:31:45]} cxd4 {[%clk 1:31:45]} 4. Nxd4 {[%clk 1:32:09]}
Nf6 {[%clk 1:32:11]} 5. Nc3 {[%clk 1:32:26]} Nc6 {[%clk 1:32:36]} 6. Be2 {[%clk
1:32:16]} Bb4 {[%clk 1:32:39]} 7. O-O {[%clk 1:32:22]} Bxc3 {[%clk 1:32:28]} 8.
bxc3 {[%clk 1:32:41]} Nxe4 {[%clk 1:32:50]} 9. Nxc6 {[%clk 1:30:45]} bxc6
{[%clk 1:26:13]} 10. Bd3 {[%clk 1:30:43]} Nc5 {[%clk 1:19:46]} 11. Ba3 {[%clk
1:17:57]} Nxd3 {[%clk 1:17:13]} 12. Qxd3 {[%clk 1:18:19]} d5 {[%clk 1:15:13]}
13. Qg3 {[%clk 1:10:13]} g6 {[%clk 1:10:38]} 14. Rfe1 {[%clk 1:08:50]} f6
{[%clk 1:03:55]} 15. f4 {[%clk 1:00:31]} Kf7 {[%clk 0:59:31]} 16. Re3 {[%clk
0:47:52]} Qc7 {[%clk 0:48:37]} 17. Qh4 {[%clk 0:45:42]} Rb8 {[%clk 0:35:14]}
18. f5 {[%clk 0:43:19]} g5 {[%clk 0:13:03]} 19. fxe6+ {[%clk 0:39:23]} Kg7
{[%clk 0:12:24]} 20. Qh5 {[%clk 0:39:26]} Ra8 {[%clk 0:03:01]} 21. Bd6 {[%clk
0:27:41]} Qb7 {[%clk 0:02:44]} 22. Rf1 {[%clk 0:27:44]} a5 {[%clk 0:00:38]} 23.
Be5 {[%clk 0:27:23]} Rf8 {[%clk 0:00:42]} 24. Qxg5+ {[%clk 0:27:46]} 1-0

[Event "Deutsche Ländermeisterschaft 2017"]
[Site "Hannover GER"]
[Date "2017.10.04"]
[Round "7"]
[White "Peglau, Mirjam"]
[Black "Wang, Xinyuan"]
[Result "1-0"]
[Termination "normal"]
[Board "1.8"]
[WhiteElo "1552"]
[BlackElo "1757"]
[WhiteClock "00:30:45"]
[BlackClock "00:07:16"]
[WhiteTeam "Sachsen"]
[BlackTeam "Baden 1"]
[PlyCount "135"]
[WhiteFideId "16211138"]
[BlackFideId "16221494"]
[EventCountry "GER"]
[EventRounds "7"]
[EventType "team-swiss"]
[EventDate "2017.09.29"]

1. e4 {[%clk 1:30:30]} c5 {[%clk 1:30:48]} 2. Nf3 {[%clk 1:30:55]} a6 {[%clk
1:31:15]} 3. c4 {[%clk 1:31:19]} b6 {[%clk 1:31:39]} 4. Nc3 {[%clk 1:31:31]}
Bb7 {[%clk 1:32:01]} 5. d4 {[%clk 1:30:22]} cxd4 {[%clk 1:32:22]} 6. Nxd4
{[%clk 1:30:47]} e6 {[%clk 1:32:05]} 7. a3 {[%clk 1:29:13]} Qc7 {[%clk
1:31:23]} 8. Be3 {[%clk 1:28:46]} d6 {[%clk 1:31:00]} 9. Be2 {[%clk 1:28:10]}
Nf6 {[%clk 1:31:08]} 10. f3 {[%clk 1:28:25]} Nbd7 {[%clk 1:30:58]} 11. O-O
{[%clk 1:27:22]} Be7 {[%clk 1:30:28]} 12. Rc1 {[%clk 1:26:47]} Rc8 {[%clk
1:29:59]} 13. Qd2 {[%clk 1:20:17]} Qb8 {[%clk 1:27:30]} 14. Rfd1 {[%clk
1:19:05]} Bd8 {[%clk 1:25:42]} 15. b3 {[%clk 1:17:31]} Bc7 {[%clk 1:23:52]} 16.
h3 {[%clk 1:15:34]} O-O {[%clk 1:22:13]} 17. Bf1 {[%clk 1:13:41]} Rfd8 {[%clk
1:16:04]} 18. Qf2 {[%clk 1:11:40]} Re8 {[%clk 1:03:59]} 19. Qb2 {[%clk
1:05:19]} d5 {[%clk 0:56:50]} 20. exd5 {[%clk 1:05:28]} exd5 {[%clk 0:56:16]}
21. Bf2 {[%clk 1:05:43]} Bf4 {[%clk 0:54:38]} 22. Rc2 {[%clk 1:05:24]} dxc4
{[%clk 0:54:21]} 23. Bxc4 {[%clk 1:05:13]} b5 {[%clk 0:53:20]} 24. Bf1 {[%clk
1:05:00]} Ne5 {[%clk 0:47:47]} 25. Nce2 {[%clk 1:02:51]} Ng6 {[%clk 0:41:29]}
26. Nxf4 {[%clk 1:02:13]} Qxf4 {[%clk 0:41:26]} 27. Ne2 {[%clk 1:01:31]} Qg5
{[%clk 0:39:38]} 28. Rxc8 {[%clk 0:58:52]} Bxc8 {[%clk 0:37:49]} 29. Qd2 {[%clk
0:58:17]} Qxd2 {[%clk 0:35:33]} 30. Rxd2 {[%clk 0:58:46]} Be6 {[%clk 0:35:25]}
31. b4 {[%clk 0:56:05]} Ne5 {[%clk 0:34:13]} 32. Rd6 {[%clk 0:55:03]} Bc8
{[%clk 0:32:42]} 33. Ng3 {[%clk 0:52:31]} Nc4 {[%clk 0:26:00]} 34. Bxc4 {[%clk
0:52:17]} bxc4 {[%clk 0:26:29]} 35. Rc6 {[%clk 0:50:58]} Be6 {[%clk 0:25:43]}
36. Rxa6 {[%clk 0:50:00]} Rc8 {[%clk 0:25:00]} 37. b5 {[%clk 0:48:26]} c3
{[%clk 0:19:09]} 38. b6 {[%clk 0:44:33]} c2 {[%clk 0:18:44]} 39. Be3 {[%clk
0:44:15]} c1=Q+ {[%clk 0:17:46]} 40. Bxc1 {[%clk 0:44:33]} Rxc1+ {[%clk
0:18:08]} 41. Kh2 {[%clk 0:44:57]} Rc8 {[%clk 0:18:28]} 42. b7 {[%clk 0:45:01]}
Rb8 {[%clk 0:18:47]} 43. Ra8 {[%clk 0:45:12]} Nd7 {[%clk 0:19:01]} 44. Ne4
{[%clk 0:42:58]} Bd5 {[%clk 0:12:47]} 45. Nc5 {[%clk 0:41:55]} Rxa8 {[%clk
0:11:47]} 46. bxa8=Q+ {[%clk 0:42:07]} Bxa8 {[%clk 0:12:15]} 47. Nxd7 {[%clk
0:42:15]} Bc6 {[%clk 0:11:54]} 48. Ne5 {[%clk 0:42:13]} Bb5 {[%clk 0:12:07]}
49. Kg3 {[%clk 0:42:00]} f6 {[%clk 0:12:26]} 50. Ng4 {[%clk 0:42:13]} Kf7
{[%clk 0:12:32]} 51. Kf2 {[%clk 0:42:12]} Ke6 {[%clk 0:12:22]} 52. Ne3 {[%clk
0:41:53]} g6 {[%clk 0:12:25]} 53. Nc2 {[%clk 0:41:22]} Kd5 {[%clk 0:12:28]} 54.
Ne3+ {[%clk 0:40:31]} Kd4 {[%clk 0:11:35]} 55. Ng4 {[%clk 0:40:19]} f5 {[%clk
0:11:47]} 56. Nf6 {[%clk 0:39:40]} h6 {[%clk 0:08:51]} 57. Ng8 {[%clk 0:39:15]}
Bc4 {[%clk 0:08:31]} 58. Nxh6 {[%clk 0:39:20]} Ke5 {[%clk 0:08:26]} 59. g4
{[%clk 0:37:21]} Kf6 {[%clk 0:08:25]} 60. f4 {[%clk 0:37:22]} Kg7 {[%clk
0:07:50]} 61. g5 {[%clk 0:35:56]} Kf8 {[%clk 0:08:09]} 62. h4 {[%clk 0:35:50]}
Ke7 {[%clk 0:08:21]} 63. Ke3 {[%clk 0:33:12]} Kd6 {[%clk 0:08:42]} 64. Kd4
{[%clk 0:32:41]} Bd5 {[%clk 0:09:10]} 65. Nxf5+ {[%clk 0:31:32]} gxf5 {[%clk
0:07:25]} 66. h5 {[%clk 0:31:56]} Bf7 {[%clk 0:06:50]} 67. g6 {[%clk 0:31:58]}
Be8 {[%clk 0:07:16]} 68. a4 {[%clk 0:30:45]} 1-0